| LEADER | 00592nam a2200193 a 4500 | ||
|---|---|---|---|
| 001 | TVCDKTCT1983 | ||
| 003 | Thư viện trường Cao đẳng Kỹ thuật Cao Thắng | ||
| 005 | 20050811000000 | ||
| 008 | 050811 | ||
| 980 | \ | \ | |a Thư viện Trường CĐ Kỹ Thuật Cao Thắng |
| 024 | |a RG_1 #1 eb0 i1 | ||
| 041 | 0 | # | |a vie |
| 082 | # | # | |a 621.3 / |b Gr200-p |
| 100 | 1 | # | |a Greenfield Jack |
| 245 | 0 | 0 | |a Practical auto radio service and installation / |c Greenfield Jack |
| 260 | # | # | |a New York : |b Gernsback library,Inc , |c 1960 |
| 300 | # | # | |a 160tr. ; |c 24cm |
| 650 | # | 4 | |a Radio |
| 650 | # | 4 | |a Ô tô |